Trema, fanciulla, trema /

Enregistré dans:
Détails bibliographiques
Auteur principal: Nirigua, Silvia (Auteur)
Format: Livre
Langue:italien
Publié: Forli : Zoe, 2003
Tags: Ajouter un tag
Pas de tags, Soyez le premier à ajouter un tag!

MARC

LEADER 00000nam a22000007i 4500
001 IT\ICCU\UBO\2192520
003 ItRI
005 20260115231951.0
008 030520s2003 it |||||| ||||| |||||c
020 |a 8886865309 
040 |b ita  |c importazione bologna sebina 
041 7 |a ita  |2 ISO-639-2 
100 1 |a Nirigua, Silvia  |0 IT\ICCU\UBOV\790172  |4 aut 
245 1 0 |a Trema, fanciulla, trema /  |c Silvia Nirigua. 
260 |a Forli :  |b Zoe,  |c 2003 
300 |a 124 p. ;  |c 20 cm. 
942 |2 ddc  |c BK  |n 0 
952 |0 0  |1 0  |4 0  |6 L_853_920000000000000_NIR  |7 0  |9 18030  |a BO  |b BO  |d 2026-01-15  |i 10327  |l 0  |o L 853.92 NIR  |p BO10327  |r 2026-01-15 23:19:51  |w 2026-01-15  |x [Sebina 5] [1 v.]  |y BK  |z 1 v. 
952 |0 0  |1 0  |4 0  |6 L_853_920000000000000_NIR  |7 0  |9 18031  |a BO  |b BO  |d 2026-01-15  |i 8801  |l 0  |o L 853.92 NIR  |p BO8801  |r 2026-01-15 23:19:51  |w 2026-01-15  |x [Sebina 5] [1 v.]  |y BK  |z 1 v. 
952 |0 0  |1 0  |4 0  |6 L_853_920000000000000_NIR  |7 0  |9 18032  |a BO  |b BO  |d 2026-01-15  |i 7408  |l 0  |o L 853.92 NIR  |p BO7408  |r 2026-01-15 23:19:51  |w 2026-01-15  |x [Sebina 5] [1 v.]  |y BK  |z 1 v. 
999 |c 15315  |d 15315